000 00858nmm a2200277 a 4500
001 ocm0002146524
003 TR-IsHL
005 20201028183144.0
008 190314s2018 tu tur
007 cr cn
020 _a9786058176713
035 _a2146524
_b(N$T)
050 0 4 _aPN6231.H77
_bSAK 2018
090 0 4 _aPN6231.H77
_bSAK 2018
100 1 _aŞakacı, Şenkal
245 1 0 _aSüper avcı şakaları
_h[electronic resource] /
_cŞenkal Şakacı
250 _a1. Baskı
260 _aİstanbul :
_bTolstoy Yayınları,
_c2018
300 _a64 p.
650 4 _aDil ve Edebiyat
650 4 _aLanguage and Literature
650 0 _aTürk mizahı
650 0 _aTurkish humor
650 7 _aHUMOR / Form / Jokes & Riddles
_2bisacsh
856 4 0 _uhttp://search.ebscohost.com/login.aspx?direct=true&scope=site&db=e011xww&AN=2146524
999 _c20406
_d20406